00482 2200193 4500001002100000005001500021008004100036035002500077041000800102082000800110090000800118100001800126245005100144250001600195260002600211300002900237650001200266990001000278INLIS00000000001946920130516053146 ind  a0010-051300000019469 aind aFik aFik aBastian, Tito aWiro Sableng : Si Cantik Gila Dari Gunung Gede aCetakan : 1 aJakartabBASTIAN TITo a128 hlm. : ilus. ;17 cm. aJakarta a25718